Network Analysis / (Record no. 36044)

MARC details
000 -LEADER
fixed length control field 00451nam a22001697a 4500
005 - DATE AND TIME OF LATEST TRANSACTION
control field 20240704122518.0
008 - FIXED-LENGTH DATA ELEMENTS--GENERAL INFORMATION
fixed length control field 240704b |||||||| |||| 00| 0 eng d
020 ## - INTERNATIONAL STANDARD BOOK NUMBER
ISBN 9789332550131
082 ## - DEWEY DECIMAL CLASSIFICATION NUMBER
Classification number 300.2851
Item number VAL-N
100 ## - MAIN ENTRY--AUTHOR
Author Name Valkenburg,M.E.Van
245 ## - TITLE STATEMENT
Title Network Analysis /
Statement of responsibility, etc. M.E.Vanlkenburg
260 ## - PUBLICATION, DISTRIBUTION, ETC.
Place of Publication india:
Name of publisher, distributor, etc. Pearson;
Date of publication, distribution, etc. 2017.
300 ## - PHYSICAL DESCRIPTION
Pages xii, 571 p. :
500 ## - GENERAL NOTE
General note include index.
650 ## - SUBJECT ADDED ENTRY--TOPICAL TERM
Subject / Department Networking
300 ## - PHYSICAL DESCRIPTION
-- illl;
-- 23 cm.
952 ## - LOCATION AND ITEM INFORMATION (KOHA)
-- 0
-- 0
952 ## - LOCATION AND ITEM INFORMATION (KOHA)
-- 0
-- 0
952 ## - LOCATION AND ITEM INFORMATION (KOHA)
-- 0
-- 0
Holdings
Lost status Damaged status Collection code Permanent Location Current Location Shelving Location Date acquired Full Call Number Accession No./Barcode Date last seen Copy number item type Koha item type
    CS/IT Superior Information Resource Center (SIRC) Superior University- Gold Campus Superior Information Resource Center (SIRC) Superior University- Gold Campus Networking 07/04/2024 300.2851 VAL-N 2017 9493 07/04/2024 1 BOOK BOOK
    CS/IT Superior Information Resource Center (SIRC) Superior University- Gold Campus Superior Information Resource Center (SIRC) Superior University- Gold Campus Networking 07/04/2024 300.2851 VAL-N 2017 9496 07/04/2024 2 BOOK BOOK
    CS/IT Superior Information Resource Center (SIRC) Superior University- Gold Campus Superior Information Resource Center (SIRC) Superior University- Gold Campus Networking 07/04/2024 300.2851 VAL-N 2017 9499 07/04/2024 3 BOOK BOOK

Powered by Koha